Ecodesign
| Main Author: | |
|---|---|
| Other Authors: | |
| Format: | Book |
| Published: |
s.l. :
h.f.ullmann ,
2009
|
| Subjects: |
MARC
| LEADER | 00000cam a2200000 7i4500 | ||
|---|---|---|---|
| 001 | 0000140506 | ||
| 005 | 20100818.0 | ||
| 020 | |a 9783833152788 | ||
| 090 | 0 | 0 | |a 728.37 |b BAR |
| 100 | 1 | |a Barbero, Silvia | |
| 245 | 1 | 0 | |a Ecodesign |c Silvia Barbero , Brunella Cozzo |
| 260 | |a s.l. : |b h.f.ullmann , |c 2009 | ||
| 300 | |a 351p. ; |c 030cm. | ||
| 650 | 0 | 0 | |a Architecture |x Environmental aspects |
| 650 | 0 | 0 | |a Sustainable architecture |
| 700 | 1 | |a Cozzo, Brunella | |
| 999 | |a 00238247 |b BUKU |c RUJUKAN |e PERPUSTAKAAN KOMUNITI PETALING JAYA | ||